Diccionario razonado de sinónimos y contrarios: La palabra justa en el momento justo

Uloženo v:
Podrobná bibliografie
Hlavní autor: Zainqui, José María (Autor)
Médium: Kniha
Jazyk:španělština
Vydáno: Barcelona De Vecchi 1973
Vydání:3a. ed
Témata:
Tagy: Přidat tag
Žádné tagy, Buďte první, kdo vytvoří štítek k tomuto záznamu!

MARC

LEADER 00000nam a2200000 a 4500
001 UCZ6381
003 CL-VaPUC
008 951211e19730000SP |||||||||||||||||spa|d
082 0 4 |a 463  |b ZAI  |2 21 
100 0 |a Zainqui, José María  |e author  |9 350650 
245 1 0 |a Diccionario razonado de sinónimos y contrarios: La palabra justa en el momento justo 
250 |a 3a. ed 
300 |a 1073 p 
942 |c BK 
945 |d 19951211 00:00:00  |a rleighto 
260 |a Barcelona  |b De Vecchi  |c 1973 
650 0 |a Diccionarios  |9 256200 
650 0 |a Sinónimos  |9 342614 
650 0 |a Lenguas  |9 324269 
650 0 |a Español  |9 255372 
583 |a last modification  |c 19951211 00:00:00  |k Rodrigo Vera 
999 |c 242589  |d 242587 
952 |0 0  |1 0  |4 0  |6 463_000000000000000_ZAI_1973  |7 0  |8 X  |9 255636  |a BIBEDU  |b BIBEDU  |d 2019-11-19  |i 3160319  |o 463 ZAI 1973  |p 3160319  |r 2019-11-19  |w 2019-11-19  |y BK_X  |k LIT 
952 |0 0  |1 0  |4 0  |6 463_000000000000000_ZAI_1973  |7 0  |8 X  |9 255637  |a BIBEDU  |b BIBEDU  |d 2019-11-19  |i 3160386  |o 463 ZAI 1973  |p 3160386  |r 2023-01-13  |w 2019-11-19  |y BK_X  |k LIT